Szczegóły MARC21

Choroba egzaminacyjna /

003 -Nazwa inst., której nr kontr. jest w polu 001 [,]
    • @
    • Nazwa instytucji, której n kontrolny jest w polu 001
    • NUKAT
005 -DATA I CZAS OSTATNIEJ MODYFIKACJI [,]
    • @
    • pole kontrolne
    • 20241231094434.0
020 -Międzynarod. znormalizowany nr książki - ISBN [ , ]
    • a
    • Numer ISBN
    • 9788394757120 Find
040 -Instytucja sporządzająca opis [ , ]
    • a
    • Instytucja, która sporządziła opis (NP)
    • SZCZ U/MC
    • b
    • Język katalogowania
    • pol
    • e
    • Zasady katalogowania
    • rda
    • c
    • Instytucja, która sporządziła rekord (NP)
    • SZCZ U/MCs
942 -Rodzaj dokumentu [ , ]
    • c
    • Rodzaj dokumentu
    • Książka
100 -Hasło główne - nazwa osobowa [1, ]
    • a
    • Nazwa osobowa (NP)
    • Tarachowicz, Algierd
    • d
    • Daty biograficzne (NP)
    • (1950- ).
    • e
    • Rodzaj współpracy
    • Autor
    • 9
    • KHW
    • 511476
245 -Strefa tytułu i oznaczenia odpowiedzialności [1,0]
    • a
    • Tytuł
    • Choroba egzaminacyjna / Find
    • c
    • Pozostałe elementy strefy tytułu i oznaczenia odpowiedzialności (NP)
    • Algierd Tarachowicz.
260 -Strefa adresu wydawniczego [ , ]
    • a
    • Miejsce wydania (P)
    • [Miejsce nieznane] :
    • b
    • Nazwa wydawcy (P)
    • [wydawca nieznany],
    • c
    • Data wydania (P)
    • [2022]
    • e
    • Miejsce druku (NP)
    • (Łódź :
    • f
    • Nazwa drukarni (P)
    • Drukarnia Cyfrowa OSDW Azymut).
300 -Strefa opisu fizycznego [ , ]
    • a
    • Określenie formy książki i/lub objętość (NP)
    • 132, [2] strony :
    • b
    • Oznaczenie ilustracji (NP)
    • ilustracje ;
    • c
    • Format (NP)
    • 20 cm.
336 -Typ zawartości [ , ]
    • a
    • Termin opisujący typ zawartości
    • Tekst
    • b
    • Kod określający zawartość
    • txt
    • 2
    • Źródło (terminu i kodu)
    • rdacontent
337 -Typ mediów [ , ]
    • a
    • Tryb odtwarzania
    • Bez urządzenia pośredniczącego
    • b
    • Kod typu mediów
    • n
    • 2
    • Źródło (terminu i kodu)
    • rdamedia
338 -Typ/rodzaj nośnika [ , ]
    • a
    • Hasło opisujące typ nośnika
    • Wolumin
    • b
    • Kod typu nośnika
    • nc
    • 2
    • Źródło (terminu i kodu)
    • rdacarrier
500 -Uwaga ogólna [ , ]
    • a
    • Uwaga ogólna (NP)
    • Rok wydania na podstawie ISBN.
650 -Hasło przedmiotowe [ ,7]
    • a
    • Hasło przedmiotowe
    • Egzaminy
    • v
    • Określnik formalny
    • poradniki.
    • 2
    • Źródło terminu
    • kaba
    • 9
    • KHW
    • 633464
650 -Hasło przedmiotowe [ ,7]
    • a
    • Hasło przedmiotowe
    • Uczenie się (edukacja).
    • 2
    • Źródło terminu
    • kaba
    • 9
    • KHW
    • 201016
650 -Hasło przedmiotowe [ ,7]
    • a
    • Hasło przedmiotowe
    • Samorozwój
    • x
    • Określnik rzeczowy
    • studia i nauczanie
    • v
    • Określnik formalny
    • poradniki.
    • 2
    • Źródło terminu
    • kaba
    • 9
    • KHW
    • 633465
710 -Hasło dodatkowe - nazwa ciała zbiorowego [2, ]
    • a
    • Nazwa ciała zbiorowego lub nazwa geograficzna jako pierwszy element (NP)
    • Ogólnopolski System Dystrybucji Wydawnictw Azymut.
    • e
    • Rodzaj współpracy
    • Druk
    • 4
    • Kod relacji
    • prt
    • 9
    • KHW
    • 633276
920 -ISBN [ , ]
    • a
    • ISBN
    • 978-83-947571-2-0 Find
Numer inwentarzowy Status udost. Data inwentaryzacji Lokalizacja
H.3661212022-04-25BNS
HM.1197-32022-04-25BNS